FIFA 98 Soundtrack - Statistics

General Stats
  • This quiz has been taken 7 times
  • The average score is 2 of 6
Answer Stats
Artist Song % Correct
Blur S{ong} {2}
100%
The Crystal Method B{usy} {Child}
17%
The Crystal Method K{eep} {Hope} {Alive}
17%
The Crystal Method M{ore}
17%
The Crystal Method N{ow} {Is} {The} {Time}
17%
Electric Skychurch H{ugga} {Bear}
0%
No matching quizzes found
Score Distribution
Percent of People with Each Score
Percentile by Number Answered
Your Score History
You have not taken this quiz